| 000 | 00570nam a2200181 4500 | ||
|---|---|---|---|
| 008 | 020117s1990 mau engta | ||
| 020 | _a0943575206 | ||
| 090 |
_aBS2341.2 _bN42i _bActs |
||
| 100 | 1 | _aWilliams, David John | |
| 245 | 1 | 0 |
_aActs / _cDavid John Williams. |
| 250 | _arev. ed. | ||
| 260 |
_aMassachusetts : _bHendrickson, _cc1990, _c1985. |
||
| 300 | _axvi, 493 p. | ||
| 490 | 1 |
_aNew international biblical commentary; _v5 |
|
| 650 | 4 |
_aBible. N.T. Acts _xCommentaries. |
|
| 950 | 0 | _9.95 | |
| 951 |
_p13725 _oBS2341.2/N42i/Acts _j070613111038718 _d2000-12-21 _cREF |
||
| 999 |
_c5666 _d5666 |
||